000 00672nam a2200289Ia 4500
005 20260324142146.0
008 008 260324s9999 xx 000 0 eng d
020 _a9780203360088
037 _aEBOOK
040 _aCRL
040 _beng
040 _cCRL
041 _2eng
041 _aeng
084 _qCRL
100 _aLuigi Zoja
_91210906
245 0 _aGrowth and Guilt
245 0 _bPsychology and the Limits of Development
260 _bTaylor and Francis
260 _c1995
365 _a
365 _b135
856 _uhttp://www.taylorfrancis.com/books/9780203360088
942 _cEBOOK
999 _c1814767
_d1814767